Government and politics in Pakistan / (Record no. 68398)
[ view plain ]
| 000 -LEADER | |
|---|---|
| fixed length control field | 00735nam a2200253 a 4500 |
| 001 - CONTROL NUMBER | |
| control field | 68398 |
| 003 - CONTROL NUMBER IDENTIFIER | |
| rucl marc code | BD-RjUL |
| 005 - DATE AND TIME OF LATEST TRANSACTION | |
| control field | 20211209081751.0 |
| 008 - FIXED-LENGTH DATA ELEMENTS--GENERAL INFORMATION | |
| fixed length control field | 170402s1968 pk b 001 0 eng |
| 020 ## - INTERNATIONAL STANDARD BOOK NUMBER | |
| Terms of availability | PRs 15.00 |
| 035 ## - SYSTEM CONTROL NUMBER | |
| System control number | (BD-RjUL)68608 |
| 040 ## - CATALOGING SOURCE | |
| Original cataloging agency | DLC |
| Transcribing agency | DLC |
| Modifying agency | BD-RjUL |
| Language of cataloging | eng |
| 041 ## - LANGUAGE CODE | |
| Language code of text/sound track or separate title | eng |
| 082 00 - DEWEY DECIMAL CLASSIFICATION NUMBER | |
| Classification number | 320.5491 |
| Edition number | 23 |
| Author mark and year | CHG 1968 |
| 100 1# - MAIN ENTRY--PERSONAL NAME | |
| Personal name | Chaudhuri, Muzaffar Ahmed. |
| 9 (RLIN) | 137067 |
| 245 10 - TITLE STATEMENT | |
| Title | Government and politics in Pakistan / |
| Statement of responsibility, etc. | by Muzaffer Ahmed Chaudhuri. |
| 260 ## - PUBLICATION, DISTRIBUTION, ETC. (IMPRINT) | |
| Place of publication, distribution, etc. | Dacca : |
| Name of publisher, distributor, etc. | Puthighar ltd, |
| Date of publication, distribution, etc. | c1968. |
| 300 ## - PHYSICAL DESCRIPTION | |
| Pagination | v, 416 p. : |
| Size | 25 cm. |
| 350 ## - PRICE (NR) (BK AM CF MU VM SE) [OBSOLETE] | |
| Price | 15.00 |
| 504 ## - BIBLIOGRAPHY, ETC. NOTE | |
| Bibliography, etc | Includes bibliography and index |
| 651 #0 - SUBJECT ADDED ENTRY--GEOGRAPHIC NAME | |
| Geographic name | Pakistan |
| General subdivision | Politics and government. |
| 9 (RLIN) | 202775 |
| 942 ## - ADDED ENTRY ELEMENTS (KOHA) | |
| Source of classification or shelving scheme | Dewey Decimal Classification |
| Koha item type | Books |
| Lost status | Source of classification or shelving scheme | Damaged status | Not for loan | Collection code | Permanent Location | Current Location | Shelving location | Date acquired | Source of acquisition | Cost, normal purchase price | Total Checkouts | Full call number | Date last seen | Copy number | Koha item type |
|---|---|---|---|---|---|---|---|---|---|---|---|---|---|---|---|
| Dewey Decimal Classification | Not For Loan | Non-fiction | Central Library, University of Rajshahi | Central Library, University of Rajshahi | Reading Room | 05/02/1969 | Dacca, puthigor ltd. | 12.00 | 320.5491 CHG 1968 | 02/04/2017 | C-1 | Books |